Quand se sont déroulés ces Jeux Olympiques ? - Statistiques

Statistiques générales
  • Ce quiz a été pris 11 fois
  • Le résultat moyen est 12 sur 88
Statistiques - réponses
Hint Réponse % Correct
Paris 1 1900 14 mai au 28 octobre 1900
70%
Chamonix 1924 25 janvier au 5 février 1924
50%
Saint-Louis 1904 1er juillet au 23 novembre 1904
40%
Londres 1 1908 27 avril au 31 octobre 1908
40%
Garmisch-Partenkirchen 1936 6 au 16 février 1936
40%
* Albertville 1992 25 mars au 1er avril 1992
40%
Sydney 2000 15 septembre au 1er octobre 2000
40%
* Turin 2006 10 au 19 mars 2006
40%
Athènes 1 1896 6 au 15 avril 1896
30%
* Barcelone 1992 3 au 14 septembre 1992
30%
* Salt Lake City 2002 7 au 16 mars 2002
30%
* Pekin 2008 6 au 17 septembre 2008
30%
Vancouver 2010 12 au 28 février 2010
30%
* Londres 2012 29 août au 9 septembre 2012
30%
* Sochi 2014 7 au 16 mars 2014
30%
* Los Angeles 2028 15 au 27 août 2028
30%
Anvers 1920 20 avril au 12 septembre 1920
20%
St Moritz 1 1928 11 au 19 février 1928
20%
Berlin 1936 1er au 16 août 1936
20%
* Rome 1960 18 au 25 septembre 1960
20%
Mexico 1968 12 au 27 octobre 1968
20%
Séoul 1988 17 septembre au 2 octobre 1988
20%
Barcelone 1992 25 juillet au 9 août 1992
20%
Albertville 1992 8 au 23 février 1992
20%
Atlanta 1996 19 juillet au 4 août 1996
20%
Nagano 1998 7 au 22 février 1998
20%
Athènes 2 2004 13 au 29 août 2004
20%
* Athènes 2004 17 au 28 septembre 2004
20%
Turin 2006 10 au 26 février 2006
20%
* Vancouver 2010 12 au 21 mars 2010
20%
Londres 3 2012 27 juillet au 12 août 2012
20%
Rio de Janeiro 2016 5 au 21 août 2016
20%
* Rio de Janeiro 2016 7 au 18 septembre 2016
20%
Paris 3 2024 2 au 18 août 2024
20%
Los Angeles 3 2028 14 au 30 juillet 2028
20%
Paris 2 1924 4 mai au 27 juillet 1924
10%
Amsterdam 1928 17 mai au 12 août 1928
10%
Oslo 1952 14 au 25 février 1952
10%
Helsinki 1952 19 juillet au 3 août 1952
10%
Melbourne 1956 22 novembre au 8 décembre 1956
10%
Squaw Valley 1960 18 au 28 février 1960
10%
Rome 1960 25 août au 11 septembre 1960
10%
* Tel Aviv 1968 4 au 13 novembre 1968
10%
Montréal 1976 17 juillet au 1er août 1976
10%
Moscou 1980 19 juillet au 3 août 1980
10%
* Geilo 1980 1er au 7 février 1980
10%
Sarajevo 1984 8 au 19 février 1984
10%
Calgary 1988 13 au 28 février 1988
10%
* Séoul 1988 15 au 24 octobre 1988
10%
* Lillehammer 1994 10 au 19 mars 1994
10%
Lillehammer 1994 12 au 27 février 1994
10%
* Nagano 1998 5 au 15 mars 1998
10%
* Sydney 2000 18 au 29 octobre 2000
10%
Salt Lake City 2002 8 au 24 février 2002
10%
Pékin 1 2008 8 au 24 août 2008
10%
Sochi 2014 7 au 23 février 2014
10%
* Pyeong Chang 2018 9 au 18 mars 2018
10%
Pyeong Chang 2018 9 au 25 février 2018
10%
* Tokyo 2 2020 24 août au 5 septembre 2020
10%
* Paris 2024 28 août au 8 septembre 2024
10%
Los Angeles 1 1932 30 juillet au 14 août 1932
0%
Lake Placid 1 1932 4 au 15 février 1932
0%
Londres 2 1948 29 juillet au 14 août 1948
0%
St Moritz 2 1948 30 janvier au 8 février 1948
0%
Cortina d'Ampezzo 1956 26 janvier au 5 février 1956
0%
Tokyo 1 1964 10 au 24 octobre 1964
0%
* Tokyo 1 1964 3 au 12 novembre 1964
0%
Innsbruck 1 1964 4 au 15 février 1964
0%
Lake Placid 2 1968 13 au 24 février 1968
0%
Munich 1972 26 août au 11 septembre 1972
0%
* Heidelberg 1972 2 au 11 août 1972
0%
Sapporo 1972 8 au 19 février 1972
0%
* Omskoldsvik 1976 21 au 28 février 1976
0%
* Toronto 1976 3 au 11 août 1976
0%
Innsbruck 2 1976 4 au 15 février 1976
0%
Lake Placid 3 1980 13 au 24 février 1980
0%
* Arnhem 1980 21 au 30 juin 1980
0%
* Innsbruck 1 1984 14 au 20 janvier 1984
0%
* Stoke Mandeville & New York 1984 17 juin au 1er août 1984
0%
Los Angeles 2 1984 28 juillet au 12 août 1984
0%
* Innsbruck 2 1988 17 au 24 janvier 1988
0%
* Atlanta 1996 16 au 25 août 1996
0%
Tokyo 2021 23 juillet au 8 août 2021
0%
* Pekin 2022 4 au 13 mars 2022
0%
Pekin 2 2022 4 au 20 février 2022
0%
* Milan & Cortina 2026 6 au 15 mars 2026
0%
Milan & Cortina 2026 6 au 22 février 2026
0%
Stockholm 5 mai au 27 juillet 1912
0%
Aucun quiz correspondant
Distribution des résultats
% des personnes avec chaque résultat
Percentile par nombre de réponses
Votre historique - résultats
Vous n’avez pas pris ce quiz